Fogorvos Takcsányban

Správa o tom, že do Stakčína na návštevu brata doošiel zubný lekár z Budapesti Dr. Móric Garai. Menovaný počas svojho predĺženého pobytu v Stakčíne bude vykonávať svoju zubársku prax v plnom rozsahu.

Podrobná bibliografia
Médium: Článok
Jazyk:Hungarian
Témy:
Zdroj: 1. Felvidéki Hirlap : Közgazdasági, társadalmi és szépirodalmi hetilap 1. Roč. 1, č. 19 (19.07.1908) s. 3
LEADER 01089nab#a2200313#ar4500
001 000072885
003 SVKKK
005 20030415xxxxxxx.
008 06 c xo huno
FMT
038 |a SVKKK 
040 |a SVKKK  |b slo  |e AACR2 
041 0 |a hun 
044 |a xo  |c SK 
080 |a 616.3 
242 1 0 |a Zubný lekár v Stakčíne 
245 0 0 |a Fogorvos Takcsányban 
500 |a mikrofilm 
520 2 |a Správa o tom, že do Stakčína na návštevu brata doošiel zubný lekár z Budapesti Dr. Móric Garai. Menovaný počas svojho predĺženého pobytu v Stakčíne bude vykonávať svoju zubársku prax v plnom rozsahu. 
650 0 4 |a Garai, Móric (lekár zubný) - Budapest (pôsobenie) - Stakčín (HN) - návšteva brata - prax zubárska - Stakčín - júl 1908 - správy 
773 0 |t Felvidéki Hirlap : Közgazdasági, társadalmi és szépirodalmi hetilap  |g Roč. 1, č. 19 (19.07.1908) s. 3 
957 |a Budapest (HU) 
957 |a Stakčín 
958 |a DG 
958 |a SK 
974 |a Ba  |d 20030415 
992 |a RBX 
BAS
998 |a RETRO